000 00577 a2200157 4500
020 _a8120325958
040 _aDLC
_bDLC
082 _a621.3822
100 _a Nair, B. Somanathan
245 _aDigital Signal Processing: Theory, Analysis and Digital-filter Design
_cB. Somanathan, Nair.
_bTheory, Analysis and Digital-filter Design
260 _aNew Delhi :
_bPretice-Hall Ltd.,
_c 2004.
300 _a xv, 471 p. :
_b ill. ;
_c24 cm.
500 _aIncludes Index
650 _a1.Electric filters, Digital. 2.Signal processing--Digital techniques.
942 _cBK
_k621.3822 NAI
_2ddc
999 _c8556
_d8556